LEADER 00619nab a2200133 i 4500 001 000000327516 003 CaOOAMICUS 005 20180831173543.0 008 180831n it uu u0 0ita r 013 $a39103 040 $aSeMil$bita 245 10$aPellegrinaggio mariano sabato 10 maggio 1997. "Assidui e concordi nella preghiera con Maria, la Madre di Gesù". - In [rubrica] :$bAssociazione. 773 0 $t[MARZO 1997]. - 32 p.$gp.14$w()290617 996 $6245$aPellegrinaggio mariano sabato 10 maggio 1997. "Assidui e concordi nella preghiera con Maria, la Madre di Gesù". - In [rubrica] :$bAssociazione.$9(OLS)http://semarc/title/416135 LEADER 00817naa a2200169 i 4500 001 000000318801 003 CaOOAMICUS 005 20180831173255.0 008 180831n it u000 u ita u 013 $a28375 040 $aSeMil$bita 100 1 $aCorradini, Luciano <1935- >.$0(OLS)http://semarc/name/36183 245 13$aLa difficile alleanza fra pedagogia e politica per educare persone e istituzioni. 650 4$aEducazione - Studi.$0(OLS)http://semarc/subject/1420 650 4$aPedagogia e politica.$0(OLS)http://semarc/subject/44022 773 0 $tAutorità e libertà.$dMilano : V&P, 2011.$kUniversità. Pedagogia e scienze dell'educazione. Ricerche$z978-88-343-2017-4$gp.367-378$w()207909 996 $6245$aLa difficile alleanza fra pedagogia e politica per educare persone e istituzioni$9(OLS)http://semarc/title/392612